000 00916cab a2200265 4500
001 WB3108-52
008 090401t1995 xxu||||| |||| 00| 0 eng d
035 _a(Sirsi) u9788
041 _aeng
245 _aSoil erosion of arable land
260 _c1995
350 _a0
490 _aIndependent
_v24 February 1995, 6(1)
520 _aResearch from Cornell University maintains that the world has lost nearly one third of its arable land over the past 40 years through farming practices and human activities.
650 _aPROPERTY-RURAL AND NATURAL ASSETS-AGRICULTURAL PROPERTY-AGRICULTURAL LAND
650 _aPROPERTY-RURAL AND NATURAL ASSETS-AGRICULTURAL PROPERTY-AGRICULTURAL LAND-ARABLE LAND
650 _aCORNELL UNIVERSITY
650 _aFARMING PRACTICES
650 _aHEDGEROWS
650 _aSOIL EROSION
690 _aLAND
690 _aRURAL PRACTICE
942 _n0
948 _c04/03/1997
999 _c6153
_d6153